000 00305nam a22001217a 4500
040 _cHS
082 _a608
100 _aព្រំ ដន
245 _a Non infection diseases : ជំងឺមិនឆ្លងសត្វ
260 _aRUA
_bព្រំ ដន
_c2011
300 _a78p;
942 _cKB
999 _c10210
_d10210